Historia Turcji - Statystyki

Ogólne statystyki
  • Ten quiz został rozwiązany 30 razy
  • Średni wynik to 12 z 20
Statystyki odpowiedzi
Pytanie Odpowiedź % Poprawnych
Dawna nazwa Stambułu Konstantynopol
88%
Państwo wyspiarskie, który Turcja najechała w 1974 r. Cypr
81%
Odnoga Cesarstwa Rzymskiego, która przetrwała w Turcji do lat 1400. Imperium {Bizantyjskie}
81%
Ojciec współczesnej Republiki Turcji Mustafa Kemal Atatürk
81%
Sojusz wojskowy, do którego Turcja przystąpiła w 1952 roku NATO
81%
Tytuł przywódcy Imperium Osmańskiego Sułtan
81%
Grecki przywódca, który podbił większość Turcji w latach 300 p.n.e. Aleksander Wielki
69%
Starożytne miasto, w którym rozgrywała się akcja „Iliady” Homera Troja
69%
Kraj, który zaprosił tureckich pracowników do imigracji w 1960 roku z powodu niedoboru siły roboczej Niemcy Zachodnie
65%
Trasa kolejowa łącząca Paryż i Stambuł {Orient} Express
65%
Tytuł głównego doradcy tego przywódcy Wielki {wezyr}
65%
Grupa osób, które padły ofiarą ludobójstwa w latach 1915–1917 Ormianie / Asyrianie / Grecy
62%
Wojna, która doprowadziła do upadku Imperium Osmańskiego I Wojna Światowa
62%
Kontrowersyjny prezydent, który został oskarżony o podważanie demokracji od czasu swojego wyboru w 2014 roku Recep Tayyip Erdoğan
62%
Imperium, które kontrolowało Turcję przed powyższym podbojem Imperium Achemenidów (Persja)
46%
Język, którym posługuje się 12% populacji, a który był zakazany w latach 1980–1991? Kurdyjski
42%
Czerwona czapka z frędzlami, która była częścią oficjalnego munduru armii osmańskiej w XIX wieku Fez
35%
Miasto, dawniej znane jako Smyrna, które obecnie jest trzecim pod względem liczby ludności miastem w Turcji Izmir
31%
Grupa ludzi, która chciała zmodernizować i zdemokratyzować Imperium Osmańskie na początku XX wieku? Młodoturcy
23%
Rzymskie miasto, którego populacja w czasach Jezusa wynosiła około 500 000 osób Antiochia
19%
Nie znaleziono quizów pasujących do podanych kryteriów
Rozkład punktacji
Procent ludzi z każdym wynikiem
Percentyl według liczby udzielonych odpowiedzi
Twoja historia wyników
Nie rozwiązałeś tego quizu